鉄道敷設法別表一覧の終点 - Statistics

General Stats
  • This quiz has been taken 77 times
  • The average score is 38 of 235
Answer Stats
Answer % Correct
第1号 青森県田名部ヨリ大畑ヲ経テ 大間 ニ至ル鉄道
66%
第6号 岩手県久慈ヨリ小本ヲ経テ 宮古
54%
第2号 青森県青森ヨリ三厩、小泊ヲ経テ 五所川原
51%
第7号 岩手県山田ヨリ釜石ヲ経テ 大船渡
49%
第8号ノ2 岩手県花巻ヨリ遠野ヲ経テ 釜石
48%
第75号ノ2 三重県四日市ヨリ 津附近
48%
第20号 宮城県仙台ヨリ山形県山寺ヲ経テ 山形
44%
第13号 秋田県鷹ノ巣ヨリ阿仁合ヲ経テ 角館
43%
第2号ノ2 青森県三厩附近ヨリ 渡島国福島附近
41%
第18号 宮城県松島ヨリ石巻ヲ経テ 女川
41%
及木古内ヨリ分岐シテ 福島
39%
第27号 福島県福島ヨリ宮城県丸森ヲ経テ 福島県中村
34%
及松代附近ヨリ分岐シテ 湯沢
34%
第82号 奈良県五條ヨリ 和歌山県新宮
34%
第51号 東京府八王子ヨリ埼玉県飯能ヲ経テ 群馬県高崎
33%
静岡県二俣ヨリ 愛知県豊橋
33%
第97号 山口県岩国ヨリ玖珂ヲ経テ 徳山
33%
第29号 福島県柳津ヨリ只見ヲ経テ 新潟県小出
31%
第85号 兵庫県上郡ヨリ佐用ヲ経テ 鳥取県智頭
31%
第94号 広島県広島附近ヨリ加計ヲ経テ 島根県浜田附近
31%
第135号 石狩国札幌ヨリ石狩ヲ経テ 天塩国増毛
31%
第59号 長野県松本ヨリ 岐阜県高山
30%
第65号 富山県八尾ヨリ福光ヲ経テ 石川県金沢
30%
第74号 岐阜県大垣ヨリ福井県大野ヲ経テ 石川県金沢
30%
第75号ノ3 三重県津附近ヨリ松阪ヲ経テ 伊勢
30%
第90号ノ3 岡山県宇野附近ヨリ 香川県高松
30%
第39号 茨城県水戸ヨリ鉾田ヲ経テ 鹿島
28%
第48号 千葉県木更津ヨリ久留里、大多喜ヲ経テ 大原
28%
第57号 長野県豊野ヨリ飯山ヲ経テ 新潟県十日町
28%
第60号ノ2 長野県飯田ヨリ 岐阜県中津川
28%
第93号 広島県三原ヨリ竹原ヲ経テ
28%
第103号 愛媛県八幡浜ヨリ卯之町、宮野下、宇和島ヲ経テ 高知県中村
28%
及宮野下ヨリ分岐シテ 高知県中村
28%
第103号ノ2 愛媛県卯之町ヨリ吉田ヲ経テ 宇和島
28%
第105号ノ3 高知県窪川附近ヨリ 中村
28%
第119号 熊本県高森ヨリ宮崎県三田井ヲ経テ 延岡
28%
第129号 渡島国上磯ヨリ木古内ヲ経テ 江差
28%
第133号 胆振国苫小牧ヨリ鵡川、日高国浦川、十勝国広尾ヲ経テ 帯広
28%
第136号 石狩国札幌ヨリ当別ヲ経テ 沼田
28%
第140号 日高国高江附近ヨリ 十勝国帯広
28%
第9号 岩手県川井ヨリ遠野ヲ経テ 高田
26%
第21号ノ2 宮城県槻木附近ヨリ 丸森
26%
第70号ノ2 愛知県岡崎ヨリ挙母ヲ経テ 岐阜県多治見
26%
(改正後) 福知山
26%
第81号 奈良県桜井ヨリ榛原、三重県名張ヲ経テ 松阪
26%
第84号 兵庫県姫路ヨリ岡山県江見ヲ経テ 津山
26%
及広島ヨリ分岐シテ 苫小牧
26%
第54号 群馬県渋川ヨリ中之条ヲ経テ 長野原
25%
第79号 京都府殿田附近ヨリ 福井県小浜
25%
第80号 京都府山田ヨリ兵庫県出石ヲ経テ 豊岡
25%
及福良ヨリ 徳島県鳴門附近
25%
第96号 山口県岩国ヨリ 島根県日原
25%
第104号ノ2 愛媛県伊予ヨリ 内子
25%
第146号 北見国中湧別ヨリ常呂ヲ経テ 網走
25%
及玉造ヨリ分岐シテ 鉾田
23%
第62号 静岡県御殿場ヨリ山梨県吉田ヲ経テ 静岡県大宮
23%
及吉田ヨリ分岐シテ 大月
23%
第72号 愛知県名古屋ヨリ 岐阜県太田
23%
第99号 山口県小郡ヨリ大田ヲ経テ
23%
第131号 胆振国京極ヨリ喜茂別、壮瞥ヲ経テ 紋鼈
23%
第5号 青森県三戸ヨリ秋田県毛馬内ヲ経テ 花輪
21%
第19号 宮城県仙台ヨリ 古川
21%
第33号 栃木県今市ヨリ高徳ヲ経テ 福島県田島
21%
第39号ノ2 茨城県鹿島ヨリ 千葉県佐原
21%
第50号ノ2 千葉県我孫子ヨリ 大宮
21%
第60号 長野県辰野ヨリ飯田ヲ経テ 静岡県浜松
21%
第73号 岐阜県中津川ヨリ 下呂附近
21%
及赤穂附近ヨリ分岐シテ 那波附近
21%
第89号 岡山県勝山ヨリ 鳥取県倉吉
21%
第123号 宮崎県小林ヨリ 宮崎
21%
第125号 鹿児島県国分ヨリ 宮崎県都城
21%
第144号ノ2 天塩国美深ヨリ 北見国枝幸
21%
第148号 釧路国釧路ヨリ 北見国相生
21%
第36号 栃木県茂木ヨリ烏山ヲ経テ 茨城県大子
20%
第51号ノ2 東京都品川附近ヨリ 千葉県木更津附近
20%
第53号ノ2 神奈川県塩浜附近ヨリ 千葉県木更津附近
20%
第58号 長野県小海附近ヨリ 山梨県小淵沢
20%
第90号ノ2 岡山県総社附近ヨリ 広島県神辺
20%
第95号 島根県滝原附近ヨリ大森ヲ経テ 石見大田
20%
第111号ノ3 佐賀県唐津ヨリ呼子ヲ経テ 伊万里
20%
第112号 佐賀県岸嶽ヨリ 伊万里
20%
第144号 天塩国羽幌ヨリ天塩ヲ経テ 下沙流別附近
20%
第12号 岩手県一ノ関ヨリ 槻木
18%
第22号 宮城県白石ヨリ 山形県上ノ山
18%
第26号 山形県米沢ヨリ 福島県喜多方
18%
第34号 栃木県日光ヨリ 足尾
18%
及阿野沢ヨリ分岐シテ 栃木県茂木
18%
第49号 千葉県上総湊ヨリ 鴨川
18%
第54号ノ2 群馬県長野原ヨリ 嬬恋附近
18%
第55号ノ3 新潟県直江津ヨリ松代附近ヲ経テ 六日町
18%
第68号 石川県穴水ヨリ宇出津ヲ経テ 飯田
18%
第77号ノ2 滋賀県今津ヨリ 塩津
18%
第83号 兵庫県谷川ヨリ西脇、北条ヲ経テ 姫路附近
18%
第105号ノ2 高知県須崎ヨリ 窪川
18%
第110号ノ2 福岡県添田ヨリ 大分県日田附近
18%
第112号ノ2 佐賀県基山ヨリ福岡県大刀洗ヲ経テ 甘木
18%
第114号 佐賀県肥前山口附近ヨリ鹿島ヲ経テ 長崎県諫早
18%
第115号 大分県中津ヨリ 日田
18%
第130号ノ2 後志国黒松内ヨリ 岩内附近
18%
及落合附近ヨリ分岐シテ 茂市
16%
第15号 秋田県本荘ヨリ矢島ヲ経テ 院内
16%
第24号 山形県楯岡ヨリ 寒河江
16%
第43号 茨城県土浦ヨリ水海道、境、埼玉県久喜、鴻巣、坂戸ヲ経テ 飯能
16%
第47号 千葉県八幡宿ヨリ大多喜ヲ経テ 小湊
16%
第50号ノ4 埼玉県大宮ヨリ川越ヲ経テ 飯能附近
16%
第55号ノ2 新潟県白山ヨリ 新発田
16%
第87号 淡路国岩屋ヨリ洲本ヲ経テ 福良
16%
第127号 鹿児島県鹿児島附近ヨリ指宿、枕崎ヲ経テ 加世田
16%
第142号 十勝国芽室ヨリ 「トムラウシ」附近
16%
第17号 宮城県気仙沼ヨリ津谷、志津川ヲ経テ 前谷地
15%
第37号 栃木県市塙ヨリ 宝積寺
15%
第50号 千葉県船橋ヨリ 佐倉
15%
第63号 静岡県掛川ヨリ二俣、愛知県大野、静岡県浦川、愛知県武節ヲ経テ 岐阜県大井
15%
第76号 滋賀県貴生川ヨリ 京都府加茂
15%
第91号 広島県福山ヨリ府中、三次、島根県来島ヲ経テ 出雲今市
15%
第114号ノ2 長崎県喜々津ヨリ矢上ヲ経テ 浦上
15%
第142号ノ3 新得ヨリ上士幌ヲ経テ 足寄
15%
第145号 北見国興部ヨリ幌別、枝幸ヲ経テ 浜頓別
15%
第147号ノ2 釧路国白糠ヨリ 十勝国足寄
15%
第149号 根室国厚床附近ヨリ標津ヲ経テ 北見国斜里
15%
第150号 根室国中標津ヨリ 釧路国標茶
15%
及丸森ヨリ分岐シテ 白石
13%
第28号 福島県川俣ヨリ 浪江
13%
及高徳ヨリ分岐シテ 矢板
13%
第35号 栃木県鹿沼ヨリ栃木ヲ経テ 茨城県古河
13%
第40号 茨城県常陸大宮ヨリ太田ヲ経テ 大甕
13%
並境ヨリ分岐シテ 古河
13%
第78号 京都府園部ヨリ 兵庫県篠山附近
13%
第86号 兵庫県有年ヨリ岡山県伊部ヲ経テ 西大寺附近
13%
及来島附近ヨリ分岐シテ 木次
13%
第101号 愛媛県川之江ヨリ 徳島県阿波池田附近
13%
第124号 鹿児島県山野ヨリ 熊本県水俣
13%
第137号 石狩国白石ヨリ胆振国広島ヲ経テ 追分
13%
第143号 天塩国名寄ヨリ石狩国雨龍ヲ経テ 天塩国羽幌
13%
第44号 茨城県土浦ヨリ 江戸崎
11%
第45号 茨城県古河ヨリ 栃木県佐野
11%
第50号ノ3 埼玉県与野ヨリ 東京府立川
11%
第56号 佐渡国夷ヨリ河原田ヲ経テ 相川
11%
並ニ浦川付近ヨリ分岐シテ 静岡県佐久間
11%
第66号 富山県氷見ヨリ 石川県羽咋
11%
第77号 滋賀県浜大津(改正後京都府山科)ヨリ高城(改正後滋賀県高城)ヲ経テ 福井県三宅
11%
及名張ヨリ分岐シテ 伊賀上野附近
11%
第86号ノ2 兵庫県須磨附近ヨリ 淡路国岩屋附近
11%
第110号 福岡県篠栗ヨリ 長尾附近
11%
第134号 胆振国鵡川ヨリ 石狩国金山
11%
第141号 十勝国上士幌ヨリ 石狩国「ルベシベ」
11%
第25号 山形県左沢ヨリ 荒砥
10%
第46号 千葉県佐原ヨリ小見川ヲ経テ 松岸
10%
第49号ノ2 千葉県船橋ヨリ 小金
10%
第53号 神奈川県横須賀ヨリ 浦賀
10%
第54号ノ3 群馬県嬬恋ヨリ 長野県豊野
10%
(改正後) 沓掛
10%
第102号 愛媛県松山附近ヨリ高知県越知ヲ経テ 佐川
10%
第106号 高知県川内付近ヨリ高岡ヲ経テ 宇佐
10%
第111号ノ2 福岡県羽犬塚ヨリ 矢部
10%
第113号 佐賀県佐賀ヨリ福岡県矢部川、熊本県隈府ヲ経テ 肥後大津
10%
及隈府ヨリ分岐シテ 大分県森附近
10%
第116号 大分県杵築ヨリ富来ヲ経テ 宇佐附近
10%
第117号 大分県幸崎ヨリ 佐賀関
10%
第118号 大分県臼杵ヨリ 三重
10%
第123号ノ2 宮崎県恒久ヨリ 内海附近
10%
第126号 鹿児島県国分ヨリ高須、志布志、宮崎県福島ヲ経テ 内海附近
10%
(改正後) 戸井
10%
第33号ノ2 栃木県上三依ヨリ 西那須野
8%
第41号 茨城県勝田ヨリ 上菅谷
8%
第50号ノ5 東京都国分寺附近ヨリ 神奈川県小倉附近
8%
第71号 愛知県武豊ヨリ 師崎
8%
第75号 三重県四日市ヨリ岐阜県関ケ原ヲ経テ 滋賀県木ノ本
8%
並榛原ヨリ分岐シ松山ヲ経テ 吉野
8%
第88号 鳥取県郡家附近ヨリ若桜ヲ経テ 兵庫県八鹿附近
8%
第100号 香川県高松ヨリ 琴平
8%
第122号 熊本県湯前ヨリ 宮崎県杉安
8%
第11号 岩手県雫石ヨリ 川尻
7%
第31号 福島県平ヨリ 小名浜
7%
及小見川ヨリ分岐シテ 八日市場
7%
第52号 東京府大崎ヨリ神奈川県長津田ヲ経テ 松田
7%
及飯山ヨリ分岐シテ 屋代
7%
大野付近ヨリ分岐シテ 愛知県長篠
7%
第70号 愛知県豊橋ヨリ 伊良湖岬
7%
第90号 岡山県倉敷ヨリ 茶屋町
7%
第110号ノ3 福岡県油須原ヨリ上山田ヲ経テ 漆生附近
7%
第130号 胆振国八雲ヨリ 後志国利別
7%
第137号ノ2 石狩国深川附近ヨリ 芦別
7%
第139号 石狩国「ルベシベ」ヨリ 北見国滝ノ上
7%
第142号ノ2 十勝国御影附近ヨリ日高国右左府ヲ経テ 胆振国辺富内
7%
第3号 青森県弘前ヨリ 田代
5%
第4号 青森県三戸ヨリ七戸ヲ経テ 千曳
5%
第8号 岩手県小鳥谷ヨリ葛巻ヲ経テ 袰野附近
5%
第10号 岩手県一戸ヨリ 荒屋
5%
及津谷ヨリ分岐シ佐沼ヲ経テ 田尻
5%
及宮城県川崎附近ヨリ分岐シテ 山形県神町
5%
第42号 茨城県高浜ヨリ玉造ヲ経テ 延方
5%
第52号ノ2 神奈川県桜木町ヨリ 北鎌倉
5%
及飯田ヨリ分岐シテ 三留野
5%
第72号ノ2 愛知県瀬戸ヨリ 稲沢
5%
第79号ノ2 京都府宮津ヨリ 河守
5%
第80号ノ2 京都府広野ヨリ 大阪府長尾
5%
第98号 山口県徳佐ヨリ 大井
5%
第110号ノ4 福岡県田野浦附近ヨリ 曾根
5%
第114号ノ3 長崎県志佐附近ヨリ 吉井
5%
(改正後) 大島
5%
第132号 胆振国京極ヨリ留寿都ヲ経テ 壮瞥
5%
第138号 石狩国比布ヨリ 下愛別附近
5%
第14号 秋田県生保内ヨリ 鳩ノ湯附近
3%
第16号 秋田県十文字ヨリ 檜山台附近
3%
第21号 宮城県長町ヨリ 青根附近
3%
第30号 福島県須賀川ヨリ 長沼
3%
第32号 福島県石川ヨリ 植田
3%
及水海道ヨリ分岐シテ 佐貫
3%
第61号 静岡県熱海ヨリ下田、松崎ヲ経テ 大仁
3%
第69号 愛知県千種ヨリ挙母ヲ経テ 武節
3%
第75号ノ4 三重県伊勢ヨリ 長島
3%
第104号 愛媛県大洲附近ヨリ 近永附近
3%
第107号 高知県後免ヨリ安芸、徳島県日和佐ヲ経テ 古庄
3%
第109号 福岡県博多ヨリ 佐賀県山本
3%
第111号 福岡県久留米ヨリ熊本県山鹿ヲ経テ 宮原附近
3%
第121号 熊本県宇土ヨリ浜町ヲ経テ 宮崎県三田井附近
3%
及「ペンケオロロツプナイ」附近ヨリ分岐シテ 石狩国登川
3%
及幌別ヨリ分岐シテ 小頓別
3%
第23号 山形県鶴岡ヨリ 大鳥
2%
及只見ヨリ分岐シテ 古町
2%
第38号 茨城県水戸ヨリ阿野沢ヲ経テ 東野
2%
第55号 新潟県来迎寺ヨリ小千谷ヲ経テ 岩沢
2%
第64号 富山県猪谷ヨリ 岐阜県船津
2%
第67号 石川県羽咋ヨリ高浜ヲ経テ 三井附近
2%
及高城ヨリ分岐シテ 京都府二条
2%
第92号 広島県吉田口附近ヨリ 大朝附近
2%
及大田附近ヨリ分岐シテ 於福
2%
第105号 高知県江川崎附近ヨリ窪川ヲ経テ 崎山
2%
第108号 高知県山田ヨリ 蕨野附近
2%
第120号 熊本県高森ヨリ 滝水附近
2%
及高須ヨリ分岐シテ 鹿児島県川北附近
2%
第128号 渡島国函館ヨリ 釜谷
2%
第142号ノ4 落合ヨリ 串内附近
2%
第147号 北見国留辺蕊ヨリ 伊頓武華
2%
No matching quizzes found
Score Distribution
Percent of People with Each Score
Percentile by Number Answered
Your Score History
You have not taken this quiz